MARC details
| 000 -LEADER |
| fixed length control field |
01732nkd a2200361 a 4500 |
| 001 - CONTROL NUMBER |
| JCCL Control Number |
13926 |
| 003 - CONTROL NUMBER IDENTIFIER |
| JCCL marc code |
BD-JhCC |
| 005 - DATE AND TIME OF LATEST TRANSACTION |
| control field |
20240516084514.0 |
| 008 - FIXED-LENGTH DATA ELEMENTS--GENERAL INFORMATION |
| fixed length control field |
191002s1908 maunnn || kneng |
| 017 ## - COPYRIGHT OR LEGAL DEPOSIT NUMBER |
| Copyright or legal deposit number |
66384 |
| Assigning agency |
U.S. Copyright Office. |
| 035 ## - SYSTEM CONTROL NUMBER |
| system control number |
(BD-JhCC)13926 |
| 040 ## - CATALOGING SOURCE |
| Original cataloging agency |
DLC |
| Description conventions |
dcrmg |
| Transcribing agency |
DLC |
| Modifying agency |
BD-JhCC |
| 041 ## - LANGUAGE CODE |
| Language code of Book |
english |
| 050 00 - LIBRARY OF CONGRESS CALL NUMBER |
| Classification number |
PAGA 7, |
| Item number |
no. 4161 |
| 082 ## - DEWEY DECIMAL CLASSIFICATION NUMBER |
| Classification number |
378.74 |
| Author mark and Year |
BOW 1981 |
| 245 00 - TITLE STATEMENT |
| Title |
Bowdoin College Catalogue For 1981-1982 / |
| 260 ## - PUBLICATION, DISTRIBUTION, ETC. (IMPRINT) |
| Place of publication, distribution, etc |
Boston : |
| Name of publisher, distributor, etc |
[publisher not transcribed], |
| Date of publication, distribution, etc |
1908. |
| 300 ## - PHYSICAL DESCRIPTION |
| Pagination |
288 p. : |
| Other physical details |
photogravure ; |
| Dimensions |
22 cm. |
| 500 ## - GENERAL NOTE |
| General note |
Title information compiled by Junior Fellows, 2005-2017. |
| 500 ## - GENERAL NOTE |
| General note |
Nichols, H.D., artist. |
| 500 ## - GENERAL NOTE |
| General note |
Littig, W.T., copyright claimant. |
| 500 ## - GENERAL NOTE |
| General note |
A.W. Elson & Co. |
| 500 ## - GENERAL NOTE |
| General note |
Category designation on original folder: Universities. |
| 500 ## - GENERAL NOTE |
| General note |
Remarques at bottom. |
| 506 ## - RESTRICTIONS ON ACCESS NOTE |
| Terms governing access |
Served only by appointment because the material requires special handling. For more information, see: Materials Designated "Served by Appointment Only," |
| Uniform Resource Identifier |
http://www.loc.gov/rr/print/info/617_apptonly.html |
| 540 ## - TERMS GOVERNING USE AND REPRODUCTION NOTE |
| Terms governing use and reproduction |
No known restrictions on publication. For information see: "Popular Graphic Arts," |
| Uniform Resource Identifier |
https://hdl.loc.gov/loc.pnp/res.248.pga |
| 545 ## - BIOGRAPHICAL OR HISTORICAL DATA |
| Biographical or historical note |
General information about the Popular and Applied Graphic Art print materials is available at: |
| Uniform Resource Identifier |
https://hdl.loc.gov/loc.pnp/pp.pga |
| 653 ## - INDEX TERM--UNCONTROLLED |
| Uncontrolled term |
Universities & colleges--Maine |
| -- |
Quadrangles (Courtyards) |
| -- |
Aerial views |
| 655 #7 - |
| Genre/form data or focus term |
Prints. |
| Source of term |
gmgpc |
| 773 0# - HOST ITEM ENTRY |
| Title |
Popular and applied graphic art print filing series (Library of Congress) |
| Record control number |
(DLC) 2009632517 |
| 856 41 - ELECTRONIC LOCATION AND ACCESS |
| Materials specified |
digital file from original item |
| Path |
ppmsca |
| Electronic name |
58888 |
| Electronic format type |
p |
| Uniform Resource Identifier |
https://hdl.loc.gov/loc.pnp/ppmsca.58888 |
| 942 ## - ADDED ENTRY ELEMENTS (KOHA) |
| Source of classification or shelving scheme |
Dewey Decimal Classification |
| Koha item type |
Books |